Statistics for 3-Letter Scrabble Words that start with "Y"

Click here to take the quiz!

General Stats

  • This quiz has been taken 231 times
  • The average score is 25 of 28

Answer Stats

Answer% Correct
yes
97%
yet
97%
yen
96%
yap
96%
yaw
95%
yak
94%
yam
94%
you
94%
yep
94%
yin
93%
yew
92%
yah
92%
yip
91%
yea
91%
yag
89%
yar
89%
yay
89%
yon
88%
yob
85%
yod
84%
yid
83%
yeh
83%
yum
83%
yup
82%
yom
80%
yok
78%
yow
78%
yuk
73%

Score Distribution

Percentile by Number Answered

Percent of People with Each Score

Your Score History

You have not taken this quiz